Čo s nedostatkom pracovníkov v regióne SVE?

Veľmi nízka miera nezamestnanosti, dynamický rast, emigrácia a rýchly rozvoj služieb spôsobili akútny nedostatok pracovných síl v regióne strednej a východnej Európy.

Gespeichert in:
Bibliographische Detailangaben
Format: Buchkapitel
Sprache:Slowakisch
Schlagworte:
Tags: Tag hinzufügen
Keine Tags, Fügen Sie das erste Tag hinzu!

MARC

LEADER 00000naa$a2200000$$$4500
001 0247971
005 20181001091751.1
041 0 |a slo 
044 |a SK 
245 1 0 |a Čo s nedostatkom pracovníkov v regióne SVE? 
520 |a Veľmi nízka miera nezamestnanosti, dynamický rast, emigrácia a rýchly rozvoj služieb spôsobili akútny nedostatok pracovných síl v regióne strednej a východnej Európy. 
610 2 0 |a stredná Európa 
610 2 0 |a východná Európa 
610 2 0 |a miera nezamestnanosti 
610 2 0 |a sily pracovné